Statistics for Countries That Border China On An Empty Map

Click here to take the quiz!

General Stats

  • This quiz has been taken 163 times
  • The average score is 13 of 14

Answers on the Map

Answers color-coded by a green-red scale on the quiz's map according to % correct below.
 

Answer Stats

Country% Correct
India
100%
Russia
100%
Mongolia
99%
Pakistan
99%
Kazakhstan
97%
North Korea
97%
Vietnam
97%
Nepal
96%
Laos
95%
Myanmar
93%
Bhutan
92%
Afghanistan
91%
Tajikistan
91%
Kyrgyzstan
89%

Score Distribution

Percentile by Number Answered

Percent of People with Each Score

Your Score History

You have not taken this quiz